000 00556nam a2200145 a 4500
008 130911s2011 ||||||||||||||||| || u
020 _a9781842774038
050 _aHD 82 Par
100 _aCornwall, Andrea
245 1 4 _aThe participation reader
_cedited by Andrea Cornwall
260 _aLondon:
_bZed Books
_c2011
300 _axx, 443p.: ill.
650 _aECONOMIC DEVELOPMENT--CITIZEN PARTICIPATION
995 _FCBU-MAIN LIBRARY (Kitwe)
_M1
_UAVAILABLE
_WOct 1, 2013
_ZMain Library Open Access Collection
999 _c53132
_d53132